000 00534nam a2200181 4500
001 132234
003 ES-MaACL
005 20230906194131.0
007 t|
008 070214s1965 sp r ||||1| cat d
100 1 _aRoland, Germain.
_999123
245 1 0 _aKamikaze
_b: els voluntaris de la mort /
_cGermain Roland ; traducció de Josep Vallverdú.
250 _a1ª. ed.
260 _aBarcelona :
_bEstela,
_c1965.
300 _a159 p. ;
_c17 cm.
700 1 _aVallverdú, Josep.
_9112965
852 _aES-MaACL
_jC-30594
_bR.57797
999 _c132234
_d132234